Представление документа в формате MARC21

Поле Инд. ПП Название Значение
Тип записи a
Библиографический уровень m
001 Контрольный номер dc2d68ad73804a68bf4148e43995a5db
005 Дата корректировки 20171225105625.3
020 a ISBN 978-5-392-26042-3
040 a Служба первич. каталог. НБ ТвГУ
b Код языка каталог. rus
e Правила каталог. PSBO
041 0_ a Код языка текста rus
080 a Индекс УДК 343.2/.7(470)(075.8)
084 a Индекс другой классификации/Индекс ББК Х408я73-1
090 a Полочн. индекс Х408
x Авторский знак У 26
097 b Оператор mimoza
245 10 a Заглавие Уголовное право России. Части Общая и Особенная
b Продолж. заглавия учебник
c Ответственность под ред. А. В. Бриллиантова
250 a Основные сведения об издании Изд. 2-е, перераб. и доп.
260 c Дата издания 2017
a Место издания Москва
b Издательство Проспект
300 a Объем 1184 с.
504 a Библиография Библиогр. в подстроч. примеч.
520 0_ a Аннотация Учебник подготовлен ведущими специалистами в области уголовного права кафедры уголовного права Российской академии правосудия при участии су­дей Верховного Суда РФ, специалистов Академии Генеральной прокуратуры РФ на основе Уголовного кодекса Российской Федерации с учетом последних изменений и дополнений, а также действующих постановлений Пленума Вер­ховного Суда Российской Федерации. В учебнике освещены основные поло­жения российского уголовного права о понятии, задачах, функциях, принци­пах, системе, науке уголовного права, уголовной политике, уголовном законе, преступлении, наказании, освобождении от уголовной ответственности и на­казания, особенностях уголовной ответственности и наказания несовершен­нолетних, иных мерах уголовно-правового характера. В Особенной части рас­сматриваются основы квалификации и составы преступлений. Издание подготовлено по состоянию законодательства на февраль 2014 г.
653 0_ a Ключевые слова Уголовное право России
a Ключевые слова Российская Федерация
a Ключевые слова Учебники для вузов
700 12 a Другие авторы Блинников В. А.
700 12 a Другие авторы Бриллиантов Александр Владимирович
700 12 a Другие авторы Вагин Олег Александрович
700 12 a Другие авторы Галахова Анна Владимировна
901 t Тип документа m
920 a Оператор Семен
a Оператор Суха
a Оператор Стро
930 a Новая/Ретро новая
952 c Вид литературы К ру
954 b Дата поступления в ОК 20171201
a Дата поступления на обработку 20171204
c Дата окончания ОНО 20171225